000 00690nam a2200253Ia 4500
003 OSt
005 20221005032216.0
006 a|||||r|||| 00| 0
007 ta
008 221004b |||||||| |||| 00| 0 eng d
020 _a083890386X
024 _a77705
037 _cTextual
040 _aCRL
_cCRL
_beng
041 _2eng
_aeng
082 _a20bD6,8(B), M3
100 _aSaffady William
_9584936
245 0 _aIntroduction to automation for librarians
260 _aChicago
_bAmerican Library Association USA
_c1983
300 _a304p
_ccm.
650 _aLIBRARY SCIENCE
942 _h20bD6,8(B), M3
_cTEXL
_2cc
999 _c939273
_d939273